Statistics for European Countries' Etymology

Click here to take the quiz!

General Stats

  • This quiz has been taken 776 times
  • The average score is 20 of 45

Answer Stats

MeaningCountry% Correct
"Northern way"Norway
99%
"Land of the Rus"Russia
99%
"Land of ice"Iceland
97%
"Land of the Swiss"Switzerland
96%
"Land of the Belgae"Belgium
94%
"River Bosna and the Land of a Duke"Bosnia and Herzegovina
93%
"Land of the Franks"France
93%
"White Russia"Belarus
90%
"Land of the Czechs"Czechia
90%
"People from Rome"Romania
90%
"Lowlands"Netherlands
89%
"Land of the Slovaks"Slovakia
86%
"Black mountain"Montenegro
82%
"Land of the Finns"Finland
78%
"Land of the Slavs"Slovenia
76%
"Saint Marinus"San Marino
66%
"Land of the Ionians"Greece
59%
"Unified dominion"United Kingdom
53%
"Port of Cale"Portugal
52%
"Land of the Svear"Sweden
49%
"Bright stone"Liechtenstein
41%
"Land of Eagles"Albania
36%
"Little castle"Luxembourg
31%
"Eastern realm"Austria
29%
"Land in the West"Ireland
28%
"Garden city"Vatican City
28%
"Single house"Monaco
22%
"Borderland"Ukraine
22%
"Land of the rabbit"Spain
17%
"Land of the people"Germany
14%
"People of the fields"Poland
14%
"Home of mixed tribes"Bulgaria
11%
"10 arrows"Hungary
10%
"Land of calves"Italy
10%
"Land of the men"Serbia
9%
"Home warriors"Denmark
8%
"Waterside dwellers"Estonia
8%
"Field of the blackbirds"Kosovo
8%
"Dark river"Moldova
8%
"Shrub-covered land"Andorra
7%
"On the mountain ridge"Croatia
7%
"Forest clearers"Latvia
7%
"Shoreland"Lithuania
7%
"Place of refuge"Malta
6%
"Land of tall people"Macedonia
5%

Score Distribution

Percentile by Number Answered

Percent of People with Each Score

Your Score History

You have not taken this quiz